000 01549nam2a22002411 4500
001 RU\NLR\INFOCOMM55\5000153402
005 20250617024334.0
035 _a(NLR Aleph) 002388161
090 _a4622292
_c4622292
100 _a20041222d1968 |||y0rusy50 ca
101 0 _arus
102 _aRU
105 _ay ||||000|y
200 1 _a(Общие вопросы прокатного производства)
210 _d1968
_aБ. м.
461 0 _1001RU\NLR\INFOCOMM55\5000153313
_12001#$aУказатель отечественных и зарубежных изобретений по черной металлургии$hСерия4$iПроизводство проката, труб и метизов$fМ-во черной металлургии СССР. Центр. науч.-исслед. ин-т информации и техн.-экон. исследований черной металлургии$v1968, №1
_94622262
_cМ.
_d1968-1972
_fМ-во черной металлургии СССР. Центр. науч.-исслед. ин-т информации и техн.-экон. исследований черной металлургии
_hСерия4
_iПроизводство проката, труб и метизов
_tУказатель отечественных и зарубежных изобретений по черной металлургии
_v1968, №1
801 1 _aRU
_bInfoComm
_c20041222
801 0 _aRU
_bNLR
_gPSBO
852 _aNLR
_bПт
_jП51/59
942 _cISSUE
980 _aNB
980 _aRUSPER